[Event "Politiken Cup 37th"]
[Site "Helsingor"]
[Date "2015.07.26"]
[Round "3"]
[White "Halvorsen, Benjamin"]
[Black "Tenold, Andreas"]
[Result "0-1"]
[WhiteElo "1728"]
[BlackElo "1423"]
[PlyCount "82"]
[EventDate "2015.07.25"]
[EventType "swiss"]
[EventRounds "10"]
[EventCountry "DEN"]
[SourceTitle "CBM 167 Extra"]
[Source "ChessBase"]
[SourceDate "2015.09.14"]
[SourceVersion "1"]
[SourceVersionDate "2015.09.14"]
[SourceQuality "1"]

1. e4 e6 2. d4 d5 3. Nd2 c5 4. exd5 exd5 5. dxc5 Bxc5 6. Ngf3 Qb6 7. Qe2+ Be6 8. Nb3 Be7 9. Be3 Qc7 10. Qd2 Nf6 11. Bd3 Nc6 12. 0-0 0-0 13. Nbd4 Bd6 14. Ng5 Bxh2+ 15. Kh1 Nxd4 16. Bxd4 Be5 17. Bxe5 Qxe5 18. Rfe1 Qd6 19. Nxe6 fxe6 20. Qe2 Rfe8 21. Rad1 e5 22. Bc4 e4 23. Qd2 Re5 24. Kg1 Kh8 25. Re3 Rd8 26. Qd4 Rh5 27. Rg3 Rf5 28. Qxa7 Qf4 29. Be2 d4 30. Rf1 Qd2 31. Qxb7 g6 32. Bb5 e3 33. Qe7 exf2+ 34. Kh1 Rg8 35. Rh3 Qf4 36. a4 Nh5 37. Qa3 Re5 38. Rf3 Qh4+ 39. Rh3 Qg5 40. Qd3 Nf4 41. Qxd4 Qxg2# 0-1